Геология и геоэкология Фенноскандии, Северо-Запада и Центра России (Запись № 748043)

Подробности
000 -МАРКЕР
контрольное поле 02840nam0a2200481 4500
001 - ИДЕНТИФИКАТОР ЗАПИСИ
контрольное поле RU\NLR\bibl\133715
005 - ИДЕНТИФИКАТОР ВЕРСИИ
контрольное поле 20250618042349.0
010 ## - МЕЖДУНАРОДНЫЙ СТАНДАРТНЫЙ НОМЕР КНИГИ (ISBN)
Номер (ISBN) 5-9274-0005-1
Тираж 200
021 ## - НОМЕР ГОСУДАРСТВЕННОЙ РЕГИСТРАЦИИ
Код страны Российская Федерация
Номер 2000-35032
Номер Листа государственной регистраци 1624
035 ## - ДРУГИЕ СИСТЕМНЫЕ НОМЕРА
Идентификатор записи (NLR Aleph) 000130980
100 ## - ДАННЫЕ ОБЩЕЙ ОБРАБОТКИ
Данные общей обработки 20010205d2000 |||y0rusy50 ca
101 0# - ЯЗЫК РЕСУРСА
Язык текста, звукозаписи и т.д. русский
102 ## - СТРАНА ПУБЛИКАЦИИ ИЛИ ПРОИЗВОДСТВА
Страна публикации Российская Федерация
105 ## - ПОЛЕ КОДИРОВАННЫХ ДАННЫХ: ТЕКСТОВЫЕ МАТЕРИАЛЫ, МОНОГРАФИЧЕСКИЕ
Кодированные данные о монографическом текстовом документе abc |||||||||
200 1# - ЗАГЛАВИЕ И СВЕДЕНИЯ ОБ ОТВЕТСТВЕННОСТИ
Основное заглавие Геология и геоэкология Фенноскандии, Северо-Запада и Центра России
Сведения, относящиеся к заглавию Материалы XI Молодеж. науч. конф., посвящ. памяти К. О. Кратца [15-18 мая 2000 г., Петрозаводск
Первые сведения об ответственности Редкол.: Рыбаков С. И. и др.]
210 ## - ПУБЛИКАЦИЯ, РАСПРОСТРАНЕНИЕ И ДР.
Место издания, распространения и т.д. Петрозаводск
Имя издателя, распространителя и т. д. КНЦ РАН
Дата издания, распространения и т.д. 2000
215 ## - ФИЗИЧЕСКАЯ ХАРАКТЕРИСТИКА
Специфическое обозначение материала и объем 213 с.
Другие сведения о физической характеристике ил., портр., карт.
Размеры 29
300 ## - ОБЩИЕ ПРИМЕЧАНИЯ
Текст примечания В надзаг.: Рос. акад. наук, Карел. науч. центр, Ин-т геологии, Петрозавод. гос. ун-т, Рос. фонд. фундам. исслед., ФЦП "Интеграция"
300 ## - ОБЩИЕ ПРИМЕЧАНИЯ
Текст примечания На тит. л и обл.: 300 лет учреждения Приказа рудокоп. дел
320 ## - ПРИМЕЧАНИЯ О НАЛИЧИИ В ДОКУМЕНТЕ БИБЛИОГРАФИИ / УКАЗАТЕЛЯ
Текст примечания Библиогр. в конце докл.
600 #1 - ИМЯ ЛИЦА КАК ПРЕДМЕТ
Начальный элемент ввода Кратц
Часть имени, кроме начального элемента ввода К.О.
Даты 1914 - 1983
Расширение инициалов личного имени Кауко Оттович
Системный номер авторитетной/нормативной записи 2195882
Идентификатор авторитетной/нормативной записи RU\NLR\auth\661319754
600 #1 - ИМЯ ЛИЦА КАК ПРЕДМЕТ
Начальный элемент ввода Кратц
Часть имени, кроме начального элемента ввода К. О.
Даты 1914-1983
Расширение инициалов личного имени Кауко Оттович
Код системы psbo
606 0# - НАИМЕНОВАНИЕ ТЕМЫ КАК ПРЕДМЕТ
Наименование темы Геоэкология
Формальный подзаголовок Съезды, совещания и т.п.
Географический подзаголовок Фенноскандия, природная страна (Европа Северная)
Системный номер авторитетной/нормативной записи 2195887
Идентификатор авторитетной/нормативной записи RU\NLR\auth\661319757
606 0# - НАИМЕНОВАНИЕ ТЕМЫ КАК ПРЕДМЕТ
Наименование темы Геоэкология
Формальный подзаголовок Съезды, совещания и т.п.
Географический подзаголовок Российская Федерация
-- Европейская часть
Системный номер авторитетной/нормативной записи 2195885
Идентификатор авторитетной/нормативной записи RU\NLR\auth\661319755
607 ## - ГЕОГРАФИЧЕСКОЕ НАИМЕНОВАНИЕ КАК ПРЕДМЕТ
Географическое наименование Фенноскандия, природная страна (Европа Северная)
Формальный подзаголовок Съезды, совещания и т.п.
Тематический подзаголовок Геология
Системный номер авторитетной/нормативной записи 963360
Идентификатор авторитетной/нормативной записи RU\NLR\auth\66360191
607 ## - ГЕОГРАФИЧЕСКОЕ НАИМЕНОВАНИЕ КАК ПРЕДМЕТ
Географическое наименование Российская Федерация
Формальный подзаголовок Съезды, совещания и т.п.
Тематический подзаголовок Геология
Географический подзаголовок Европейская часть
Системный номер авторитетной/нормативной записи 2195888
Идентификатор авторитетной/нормативной записи RU\NLR\auth\661319758
610 0# - НЕКОНТРОЛИРУЕМЫЕ ПРЕДМЕТНЫЕ ТЕРМИНЫ
Предметный термин Геология - Сборники
610 0# - НЕКОНТРОЛИРУЕМЫЕ ПРЕДМЕТНЫЕ ТЕРМИНЫ
Предметный термин Геоэкология - Сборники
675 ## - УНИВЕРСАЛЬНАЯ ДЕСЯТИЧНАЯ КЛАССИФИКАЦИЯ (UDC/УДК)
Индекс [55+550.75](47-17)(082)
Издание 3
Язык издания rus
686 ## - ИНДЕКСЫ ДРУГИХ КЛАССИФИКАЦИЙ
Индекс 38
Код системы
686 ## - ИНДЕКСЫ ДРУГИХ КЛАССИФИКАЦИЙ
Индекс 26.3
Код системы
686 ## - ИНДЕКСЫ ДРУГИХ КЛАССИФИКАЦИЙ
Индекс Д59(41)я431
686 ## - ИНДЕКСЫ ДРУГИХ КЛАССИФИКАЦИЙ
Индекс Д59(2Р3)я431
686 ## - ИНДЕКСЫ ДРУГИХ КЛАССИФИКАЦИЙ
Индекс Д3д(2)Кратц
702 #1 - ИМЯ ЛИЦА - ВТОРИЧНАЯ ОТВЕТСТВЕННОСТЬ
Начальный элемент ввода Рыбаков
Расширение инициалов личного имени Сергей Иванович
Код отношения Редактор
801 #0 - ИСТОЧНИК ЗАПИСИ
Страна Российская Федерация
Организация RKP
Дата составления 20010205
Правила каталогизации PSBO
801 #1 - ИСТОЧНИК ЗАПИСИ
Страна Российская Федерация
Организация RKP
Дата составления 20010205
801 #2 - ИСТОЧНИК ЗАПИСИ
Страна Российская Федерация
Организация NLR
Дата составления 20070406
Правила каталогизации rcr
852 ## - МЕСТОНАХОЖДЕНИЕ И ШИФР ХРАНЕНИЯ
Идентификатор организации NLR
Шифр хранения (Call Number) 2001-8/16
942 ## - ДОПОЛНИТЕЛЬНЫЕ ЭЛЕМЕНТЫ ЗАПИСИ (АБИС)
Тип экземпляра АБИС Книга
980 ## - КОЛЛЕКЦИЯ
Название коллекции Национальная библиография
Экземпляры
Тип экземпляра Дата поступления Источник поступления Библиотека постоянного хранения Библиотека текущего хранения Место хранения Шифр хранения Штрих-код Статус экземпляра
Книга 12.02.2001 Обязательный экземпляр РНБ (Московский) РНБ (Московский) Русский книжный фонд: издания с 1957 года 2001-8/16 1-83694  
Книга 12.02.2001 Обязательный экземпляр РНБ (Московский) РНБ (Московский) Русский книжный фонд: издания с 1957 года 2001-8/16 1-482816